000 00756nam a2200253Ia 4500
003 OSt
005 20220928124250.0
006 a|||||r|||| 00| 0
007 ta
008 220927b |||||||| |||| 00| 0 eng d
024 _a5855
037 _cTextual
040 _aSDCL
_cSDCL
_beng
041 _2eng
_aeng
082 _aS8g, P7
100 _aGrusec Joan E Ed.
_9464134
245 0 _aHandbook of socialization
_b Theory and research.
260 _aNew York
_b Guilford Press
_c2007
300 _axv,691+Various pagination
_ccm.
650 _aSocial-Psychology-Handbooks
_9464135
700 _a Hastings Paul D Ed.
_9464136
942 _hS8g, P7
_cTEXL
_2CC
999 _c777010
_d777010